Abstracts of papers presented at the reykjabvik conference on responsible fisheries in the marine ecosystem

Gorde:
Xehetasun bibliografikoak
Formatua: Liburua
Hizkuntza:Undetermined
Argitaratua: Rome, Italy FAO 2002
Gaiak:
Etiketak: Etiketa erantsi
Etiketarik gabe, Izan zaitez lehena erregistro honi etiketa jartzen!
Thư viện lưu trữ: Trung tâm Học liệu Trường Đại học Cần Thơ
LEADER 00452nam a2200145Ia 4500
001 CTU_52896
008 210402s9999 xx 000 0 und d
082 |a 639 
082 |b R425/No.658s 
245 0 |a Abstracts of papers presented at the reykjabvik conference on responsible fisheries in the marine ecosystem 
260 |a Rome, Italy 
260 |b FAO 
260 |c 2002 
650 |a fisheries 
980 |a Trung tâm Học liệu Trường Đại học Cần Thơ